| 000 | 00733 a2200205 4500 | ||
|---|---|---|---|
| 999 |
_c4984 _d4984 |
||
| 020 | _a9781526404435 (hardback : alk. paper) | ||
| 020 | _a9781526404442 (pbk. : alk. paper) | ||
| 050 | _aRC489. LOW 2019 | ||
| 100 | 1 |
_aPapworth, Mark. _eeditor |
|
| 245 | 1 | 0 |
_aLow intensity cognitive behaviour therapy : _cMark Papworth, Theresa Marrinan. _ba practitioner's guide / |
| 250 | _a2nd edition. | ||
| 264 | 1 |
_aThousand Oaks, CA : _bSage, _c2019. |
|
| 300 |
_axv, 527p. : _bill. |
||
| 500 | _aIncludes bibliographical references and index | ||
| 650 |
_xmethods _aCognitive behavioral therapy |
||
| 650 | _aCognitive therapy | ||
| 700 |
_aMarrinan, Theresa _eeditor |
||
| 942 |
_2lcc _cBK _e2nd ed. _h489 _iLOW _kRC |
||